| 000 | 00616nam a2200217 a 4500 | ||
|---|---|---|---|
| 999 |
_c1170 _d1170 |
||
| 008 | 191205s2009 ii ad||g |||| 001 0 eng d | ||
| 020 |
_a9788132102434 _cRs. 495.00 |
||
| 040 |
_aKO _beng |
||
| 041 | 0 | _aeng | |
| 044 | _aii | ||
| 082 | 0 | 4 |
_223 _a658.5 _bY841 |
| 100 | 1 | _aYoung, Scott T. | |
| 245 | 1 | 0 |
_aEssentials of Operations Management / _cScott T. Young |
| 260 |
_aNew Delhi : _bSAGE Publications India Pvt. Ltd. , _c2009. |
||
| 300 |
_axx, 374 p. : _bill. ; _c24 cm. |
||
| 504 | _aIncludes Index. | ||
| 650 | 0 |
_aProduction management _xManagement _vTextbooks |
|
| 904 | _aA_BOSE | ||
| 942 | _cBK | ||